000 00544nam a22001937a 4500
003 CEME
005 20210628205858.0
008 210208b xxu||||| |||| 00| 0 eng d
020 _a0-07-045110-9
040 _c.
082 _a621.46 MCL
100 _aMcintyre, Robert.L Losee, Rex
_977349
245 _aIndustrial motor control fundamentals
250 _a4TH
260 _aNEWYORK
_bMCGRAW HILL
_c1990
300 _a350P
650 _aAUTOMATIC CONTROL ELECTRIC MOTORS, ALTERNATING CURREN ELECTRIC CONTROLLERS
_977350
942 _cBK
_2ddc
999 _c582636
_d582636